[Event "Bethune-C"]
[Site "Bethune"]
[Date "2002.07.10"]
[Round "5.13"]
[White "Bosch, Joachim"]
[Black "Liefooghe, Thierry"]
[Result "1/2-1/2"]
[WhiteElo "1690"]
[BlackElo "1800"]
[PlyCount "85"]
[EventDate "2002.07.06"]
[EventType "tourn"]
[EventRounds "9"]
[EventCountry "FRA"]
[SourceTitle "EXT 2005"]
[Source "ChessBase"]
[SourceDate "2004.11.15"]
[SourceVersion "1"]
[SourceVersionDate "2004.11.15"]
[SourceQuality "1"]

1. d4 Nf6 2. Nf3 d6 3. c4 g6 4. Nc3 Bg7 5. e4 0-0 6. Be2 e5 7. 0-0 Nc6 8. d5 Ne7 9. b4 a5 10. Ba3 Nd7 11. bxa5 Rxa5 12. Bb4 Ra8 13. a4 f5 14. Ng5 Nf6 15. Bf3 h6 16. Ne6 Bxe6 17. dxe6 Nc6 18. Ba3 f4 19. Nd5 Re8 20. Nxf6+ Qxf6 21. Bg4 h5 22. Bh3 Nd4 23. c5 dxc5 24. Bxc5 Nxe6 25. Qb3 b6 26. Bb4 Kh8 27. Bxe6 Rxe6 28. Rfc1 c5 29. Be1 Rc6 30. a5 bxa5 31. Rxa5 Rxa5 32. Bxa5 Rc8 33. Qd5 Qc6 34. Qc4 Rb8 35. f3 Rb5 36. Bb4 Bf8 37. Bc3 Bg7 38. Bb4 Bf8 39. Bc3 Bd6 40. Qe6 c4 41. Qf6+ Kh7 42. Qf7+ Kh6 43. Be1 1/2-1/2

[Event "Herlies op 7th"]
[Site "Herlies"]
[Date "2002.04.02"]
[Round "5"]
[White "Liefooghe, Thierry"]
[Black "Deschin, Pierre Antoine"]
[Result "0-1"]
[WhiteElo "1800"]
[BlackElo "1880"]
[PlyCount "84"]
[EventDate "2002.03.30"]
[EventType "swiss"]
[EventRounds "7"]
[EventCountry "FRA"]
[SourceTitle "EXT 2004"]
[Source "ChessBase"]
[SourceDate "2003.11.25"]
[SourceVersion "1"]
[SourceVersionDate "2003.11.25"]
[SourceQuality "1"]

1. e4 c5 2. Nf3 e6 3. c3 d5 4. e5 d4 5. cxd4 cxd4 6. Bb5+ Nc6 7. Bxc6+ bxc6 8. Qa4 Qb6 9. Nxd4 Bc5 10. Qxc6+ Qxc6 11. Nxc6 a5 12. Nc3 Bb7 13. Nb5 Bxc6 14. Nc7+ Kf8 15. Nxa8 Bxg2 16. Rg1 Bxa8 17. d3 Ne7 18. Bd2 Bb6 19. Rc1 g6 20. b4 axb4 21. Bxb4 Ke8 22. a4 Nc6 23. a5 Bd4 24. Bd6 Kd7 25. Rg4 Nxe5 26. Rxd4 Nf3+ 27. Kf1 Nxd4 28. Be5 Rd8 29. Bxd4 Bc6 30. Bb6 Rc8 31. Rd1 Bb5 32. Rd2 Rc1+ 33. Kg2 Bc6+ 34. Kh3 Rg1 35. Be3 f6 36. a6 Kd6 37. a7 e5 38. d4 e4 39. d5 Bd7+ 40. Kh4 Rg4+ 41. Kh3 g5 42. Bf4+ gxf4 0-1